Statistics for "Castle" Smash Bros. Stages

Click here to take the quiz!

General Stats

  • This quiz has been taken 70 times
  • The average score is 7 of 9

Answer Stats

SeriesStage% Correct
The Legend of Zelda{Hyrule} Castle
96%
Super Mario{Peach}’{s} Castle
96%
Super Mario{Princess} {Peach}’{s} Castle
96%
Castlevania{Dracula}’{s} Castle
93%
Kid Icarus{Palutena}’{s} Temple
89%
Mega Man{Wily} Castle
84%
Fire EmblemCastle {Siege}
69%
The Legend of Zelda{Temple}
67%
Street Fighter{Suzaku} Castle
53%

Score Distribution

Percentile by Number Answered

Percent of People with Each Score

Your Score History

You have not taken this quiz